LEADER 01398nam 2200361Ia 450 001 996383555003316 005 20200824132149.0 035 $a(CKB)1000000000588803 035 $a(EEBO)2248570506 035 $a(OCoLC)ocm12296378e 035 $a(OCoLC)12296378 035 $a(EXLCZ)991000000000588803 100 $a19850723d1642 uy | 101 0 $aeng 135 $aurbn||||a|bb| 200 04$aThe case and cure of a deserted soul, or, A treatise concerning the nature, kindes, degrees, symptomes, causes, cure of, and mistakes about spirituall desertions$b[electronic resource] /$fJos. Symonds.. 210 $aEdinburgh $cPrinted by Robert Bryson, and are to be sold at his shop ...$d1642 215 $a[48], 528, [i.e. 524] p 300 $aReproduction of original in Duke University Library. 300 $aRunning title: The deserted soules case and cure. 300 $aTable of contents: p. [23]-[47] 330 $aeebo-0040 606 $aChristian life$vEarly works to 1800 615 0$aChristian life 700 $aSymonds$b Joseph$01009616 801 0$bEAA 801 1$bEAA 801 2$bm/c 801 2$bWaOLN 906 $aBOOK 912 $a996383555003316 996 $aThe case and cure of a deserted soul, or, A treatise concerning the nature, kindes, degrees, symptomes, causes, cure of, and mistakes about spirituall desertions$92344196 997 $aUNISA LEADER 01606nam 2200253z- 450 001 9910708687803321 005 20200305165915.0 035 $a(CKB)5470000002470348 035 $a(EXLCZ)995470000002470348 100 $a20230509c2019uuuu -u- - 101 0 $aeng 200 14$aThe command of the air /$fby Giulio Douhet ; translated by Dino Ferrari 210 $aMaxwell Air Force Base, Alabama$cAir University Press 311 $a1-58566-296-8 330 $a"Italian soldier and writer Giulio Douhet (1869-1930) lived during a time of great innovation and change in the conduct of war. He began formulating his theories on air warfare as early as 1909 and commanded one of the world's first air units as Italy entered World War I in 1915. His writings, though controversial in his time, have so influenced air doctrine that they continue to be essential, fundamental reading for students and policy makers worldwide. The Command of the Air actually is the title of Book I presented herein, the standalone book Douhet published in 1921. Almost from the time of the first translations of Douhet's writings, several other of his seminal pieces ("The Probable Aspects of the War of the Future," "Recapitulation," and "The War of 19-") were assembled as a collection under the familiar title of his most famous work"--$cProvided by publisher. 606 $aAir power 615 0$aAir power. 676 $a358.4/03 700 $aDouhet$b Giulio$f1869-1930,$0253612 702 $aFerrari$b Dino 906 $aBOOK 912 $a9910708687803321 996 $aThe command of the air$93061794 997 $aUNINA